| 000 | 01150cam a2200241 a 4500 | ||
|---|---|---|---|
| 005 | 20160213123617.0 | ||
| 008 | 111221s2006 ck abdo r 001 0 spa d | ||
| 020 | _a9583387584 | ||
| 040 |
_aCO-BoBLA _cCO-BoBLA _dCO-BoPUJ _dCO-BoIAVH |
||
| 041 | 0 | _aspa | |
| 044 | _ack | ||
| 082 | 0 | 4 |
_a635.977 _bM67a |
| 100 | 1 | _aMorales Soto, León | |
| 245 | 1 | 0 |
_aÁrboles ornamentales en el Valle de Aburrá : _bElementos de manejo / _cinvestigación y textos León Morales Soto y Teresita Varón Palacio ; fotografía Jorge Alberto Londoño Fernández ; ilustraciones Edwin Alonso Ayala Martínez |
| 260 |
_aMedellín (Colombia): _bÁrea Metropolitana del Valle de Aburrá, _c2006. |
||
| 300 |
_a183 páginas : _bilustraciones, cuadros, fotos a color y mapas ; _c32 cm. |
||
| 504 | _aIncluye referencias bibliográficas (páginas 176-178) e índices. | ||
| 650 | 1 | 4 |
_aÁrboles ornamentales _zValle de Aburrá (Antioquia, Colombia) |
| 650 | 2 | 4 |
_aÁboles _zValle de Aburrá (Antioquia, Colombia) |
| 700 | 1 |
_aVarón Palacio, Teresita _eautora. |
|
| 700 | 1 |
_aLondoño Fernández, Jorge Alberto _eFotógrafo |
|
| 942 |
_2ddc _cLIBRO |
||
| 999 |
_c5942 _d5942 |
||